000 00923nam a2200241Ia 4500
003 OSt
005 20220927105418.0
006 a|||||r|||| 00| 0
007 ta
008 220926b |||||||| |||| 00| 0 eng d
024 _a155876
037 _cReference Collections
040 _aRTL
_cRTL
_beng
041 _2eng
_aeng
082 _a"V1N45,3:3(Y394).N94, N5 /UN"
110 _a"UNITED NATIONS, GENERAL ASSEMBLY, OFFICIAL RECORDS: 15th SESSION"
_9372269
245 0 _aVoluntary funds administered by the UN high commissioner for refgees
_baudited financial statements for the year ended 31st Dec. 1994 & report of the board of auditions
260 _aNew
_bYork UN
_c1995
300 _a"VI, 115P"
_ccm.
700 _a"UNITED NATIONS, GENERAL ASSEMBLY, OFFICIAL RECORDS: 15th SESSION"
_9372270
942 _h"V1N45,3:3(Y394).N94, N5 /UN"
_cCC
999 _c692390
_d692390